Southville International School and Colleges
Your cart is empty.
  • Cart
  • Lists
    Public lists Eva Luna New books Lux_list list_1
    Your lists Log in to create your own lists
  • Log in to your account
  • Your cookies
  • Search history
Southville International School and Colleges
  • Advanced search
  • Recent comments
  • Most popular
  • Libraries

Log in to your account

Log in with GOOGLE


If you do not have an external account, but do have a local account, you can still log in:

  1. Home
  2. MARC view: Modem connections bible /
Normal view MARC view ISBD view

Modem connections bible / (Record no. 283997)

[ view plain ]
MARC details
000 -LEADER
fixed length control field 00825nam a2200277 a 4500
001 - CONTROL NUMBER
control field 3334936
003 - CONTROL NUMBER IDENTIFIER
control field PILC
005 - DATE AND TIME OF LATEST TRANSACTION
control field 20150515151843.0
008 - FIXED-LENGTH DATA ELEMENTS--GENERAL INFORMATION
fixed length control field 850703s1985 inua b 001 0 eng
010 ## - LIBRARY OF CONGRESS CONTROL NUMBER
LC control number 85072106
020 ## - INTERNATIONAL STANDARD BOOK NUMBER
International Standard Book Number 0672224461
040 ## - CATALOGING SOURCE
Original cataloging agency DLC
Transcribing agency DLC
Modifying agency DLC
050 00 - LIBRARY OF CONGRESS CALL NUMBER
Classification number TK 5103
Item number .C87 1985
082 00 - DEWEY DECIMAL CLASSIFICATION NUMBER
Classification number 004.6/4
100 1# - MAIN ENTRY--PERSONAL NAME
Personal name Curtis, Carolyn.
245 10 - TITLE STATEMENT
Title Modem connections bible /
Statement of responsibility, etc Carolyn Curtis, Daniel L. Majhor.
250 ## - EDITION STATEMENT
Edition statement 1st ed.
260 ## - PUBLICATION, DISTRIBUTION, ETC. (IMPRINT)
Place of publication, distribution, etc Indianapolis, Ind., U.S.A. :
Name of publisher, distributor, etc H.W. Sams,
Date of publication, distribution, etc 1985.
300 ## - PHYSICAL DESCRIPTION
Extent viii, 180 pages :
Other physical details illustrations ;
Dimensions 25 cm.
500 ## - GENERAL NOTE
General note Includes bibliographical references and index.
521 ## - TARGET AUDIENCE NOTE
Target audience note Information Technology
650 #0 - SUBJECT ADDED ENTRY--TOPICAL TERM
Topical term or geographic name as entry element Modems.
700 1# - ADDED ENTRY--PERSONAL NAME
Personal name Majhor, Daniel L.
906 ## - LOCAL DATA ELEMENT F, LDF (RLIN)
a 7
b cbc
c orignew
d 2
e opcn
f 19
g y-gencatlg
942 ## - ADDED ENTRY ELEMENTS (KOHA)
Source of classification or shelving scheme Library of Congress Classification
Koha item type Books
Call number prefix Foreign
Holdings
Withdrawn status Lost status Source of classification or shelving scheme Damaged status Home library Current library Shelving location Date acquired Source of acquisition Sub Shelving location Total Checkouts Full call number Barcode Date last seen Price effective from Koha item type
    Library of Congress Classification   College Library College Library General Circulation Section 05/15/2015 Library Fund     TK 5103 .C87 1985 C19300 05/15/2018 05/15/2015 Books

Modem connections bible /

APA

Curtis C., Majhor D. L., . (1985). Modem connections bible. Indianapolis, Ind., U.S.A: H.W. Sams.

Chicago

Curtis Carolyn, Majhor Daniel L, . 1985. Modem connections bible. Indianapolis, Ind., U.S.A: H.W. Sams.

Harvard

Curtis C., Majhor D. L., . (1985). Modem connections bible. Indianapolis, Ind., U.S.A: H.W. Sams.

MLA

Curtis Carolyn, Majhor Daniel L, . Modem connections bible. Indianapolis, Ind., U.S.A: H.W. Sams. 1985.

  • Place hold
  • Print
  • Cite
  • Add to your cart (remove)
  • Save record
    BIBTEX Dublin Core MARCXML MARC (non-Unicode/MARC-8) MARC (Unicode/UTF-8) MARC (Unicode/UTF-8, Standard) MODS (XML) RIS
  • More searches
    Search for this title in:
    Other Libraries (WorldCat) Other Databases (Google Scholar) Online Stores (Bookfinder.com) Open Library (openlibrary.org)

Exporting to Dublin Core...

SOUTHVILLE LIBRARY

Southville International School and Colleges Library

1281 Tropical Ave. Cor. Luxembourg St., BF Homes International, Las Pinas City

Tel. No. 8256374 / 252358 Loc. 117/146

Powered by Koha